Treasury Management (Record no. 2439)

MARC details
000 -LEADER
fixed length control field 00501nam a2200193 4500
003 - CONTROL NUMBER IDENTIFIER
control field OSt
005 - DATE AND TIME OF LATEST TRANSACTION
control field 20151105180313.0
008 - FIXED-LENGTH DATA ELEMENTS--GENERAL INFORMATION
fixed length control field 151105b xxu||||| |||| 00| 0 eng d
020 ## - INTERNATIONAL STANDARD BOOK NUMBER
International Standard Book Number 0852974906
040 ## - CATALOGING SOURCE
Transcribing agency DDC
050 ## - LIBRARY OF CONGRESS CALL NUMBER
Classification number 332.112
Item number HUD 1998
100 ## - MAIN ENTRY--PERSONAL NAME
Personal name Robert, Hudson; Colley Alan;Largan Mark;
9 (RLIN) 6008
245 ## - TITLE STATEMENT
Title Treasury Management
260 ## - PUBLICATION, DISTRIBUTION, ETC. (IMPRINT)
Place of publication, distribution, etc. uk
Name of publisher, distributor, etc. CIB publishing
Date of publication, distribution, etc. 1998
300 ## - PHYSICAL DESCRIPTION
Extent xii,473p;
Other physical details ill;
Dimensions 26cm
504 ## - BIBLIOGRAPHY, ETC. NOTE
Bibliography, etc includes index
650 ## - SUBJECT ADDED ENTRY--TOPICAL TERM
Topical term or geographic name as entry element Management
9 (RLIN) 364
942 ## - ADDED ENTRY ELEMENTS (KOHA)
Source of classification or shelving scheme Dewey Decimal Classification
Koha item type Short Loan
Holdings
Withdrawn status Lost status Source of classification or shelving scheme Damaged status Not for loan Home library Current library Date acquired Source of acquisition Inventory number Total Checkouts Full call number Barcode Date last seen Koha item type Price effective from
    Dewey Decimal Classification     MUST Main Library MUST Main Library 05/11/2015   13/37131   332.6 HUD 1998 2015-2459 05/11/2015 Short Loan  
    Dewey Decimal Classification     MUST Main Library MUST Main Library 09/03/2016   15/39435   332.6 HUD 1998 2016-0393 09/03/2016 Open Shelf  
    Dewey Decimal Classification     MUST Main Library MUST Main Library 13/09/2024 Purchase 13/3693   658TRE1994 2024-22359 13/09/2024 Open Shelf 13/09/2024
    Dewey Decimal Classification     MUST Main Library MUST Main Library 13/09/2024 Purchase 13/36952   658TRE1994 2024-22360 13/09/2024 Open Shelf 13/09/2024